000 00603nam a22002417a 4500
003 UA-OsUOA
001 86881
007 ta
008 20120912b un ||||| |||| 00| 0 ukr d
100 _aСинютин М.
700 _aЯстржембский Л.
090 _a94 (470)
_bС 38
942 _cBK
040 _aUA-OsUOA
_brus
_cUA-OsUOA
_dUA-OsUOA
245 _aДом большой судьбы: Путеводитель
300 _a48 с.
955 _a4
041 _arus
080 _a94 (470)
260 _aМ.
_bМоск. рабочий
_c1982
650 7 _2UDC
999 _c373066
_d373066